000 00300nam a2200133Ia 4500
100 _aBurnham/ T.H.
942 _cBK
654 _aIndustrial Organization
245 _aElements of industrial organization
260 _bPitman
_aLondon
_c1970
082 _a658.5
300 _a342
546 _aENGLISH
999 _c26547
_d26547